000 00424 a2200145 4500
245 _aThree plays
_hprint
020 _a057115252X
700 _aVargas Llosa, Mario
700 _aGraham-Young, David.
650 _aliterature
005 20191017171854.0
260 _aenk
_bFaber and Faber
_c1990
084 _aPQ8498.32.A65 A2413 1990
300 _a217 p.
_b 20 cm.
_c217 p. ; 20 cm.
500 _aMario Vargas Llosa ; translated by David Graham-Young.
999 _c8136
_d8136